000 00718nam a2200229Ia 4500
003 OSt
005 20220923224151.0
006 a|||||r|||| 00| 0
007 ta
008 Pun
024 _a226,913
037 _cTextual
040 _aARTS
_cARTS
_bPun
041 _2Pun
_aPun
082 _aV2:51y7M86, 153P5
100 _aਐਜਲਾ, ਕਰਮਜੀਤ ਸਿੰਘ
245 0 _aਮਹਾਨ ਸਿੱਖ Fਹੀਦ ਦਰFਨ ਸਿੰਘ ਫੇਰੂਮਾਨ
260 _aਲੁਧਿਆਣਾ
_b ਲਾਹੋਰ ਬੂਕ Fਾਪ
_c2005
300 _a152ਪੰ
_ccm.
942 _hV2:51y7M86, 153P5
_cTEXL
_2CC
999 _c369676
_d369676